UNIX Programming / (Record no. 1130)

MARC details
000 -LEADER
Fixed length control field 00478nam a2200181 4500
003 - CONTROL NUMBER IDENTIFIER
Control field SEACOMMC
005 - DATE AND TIME OF LATEST TRANSACTION
Control field 20250506153802.0
008 - FIXED-LENGTH DATA ELEMENTS--GENERAL INFORMATION
Fixed length control field 250311b |||||||| |||| 00| 0 eng d
020 ## - INTERNATIONAL STANDARD BOOK NUMBER / ISBN
International Standard Book Number 978-81-8371-174-6
Price Rs.300.00
040 ## - CATALOGING SOURCE
Original cataloging agency SEACOMMC
082 ## - DEWEY DECIMAL CLASSIFICATION NUMBER
Classification number 005.43
Book Number R 165
100 ## - MAIN ENTRY--PERSONAL NAME
Personal name Ramasatish, A.
245 1# - TITLE STATEMENT
Title UNIX Programming /
Statement of responsibility A.Ramasatish
250 ## - EDITION STATEMENT
Edition statement Reprint ed.
260 ## - IMPRINT
Place of publication Hyderabad
Name of publisher Scitech Publications
Date of publication c2009
650 ## - SUBJECT ADDED ENTRY--TOPICAL TERM
Topical term Computer Science
942 ## - ADDED ENTRY ELEMENTS (KOHA)
Koha item type Books
Holdings
Withdrawn status Lost status Source of classification Damaged status Not for loan Home library Current library Shelving location Date acquired Total Checkouts Call number Accession number Date last seen Price effective from Koha item type Copy number
    Dewey Decimal Classification     SEACOM MANAGEMENT COLLEGE SEACOM MANAGEMENT COLLEGE Reference 19/09/2009   005.43 R 165 M-2496 11/03/2025 11/03/2025 Reference Books  
    Dewey Decimal Classification     SEACOM MANAGEMENT COLLEGE SEACOM MANAGEMENT COLLEGE   19/09/2009   005.43 R 165 M-2497 11/03/2025 11/03/2025 Books 1
    Dewey Decimal Classification     SEACOM MANAGEMENT COLLEGE SEACOM MANAGEMENT COLLEGE   19/09/2009   005.43 R 165 M-2498 11/03/2025 11/03/2025 Books 2
    Dewey Decimal Classification     SEACOM MANAGEMENT COLLEGE SEACOM MANAGEMENT COLLEGE   19/09/2009   005.43 R 165 M-2499 11/03/2025 11/03/2025 Books 3
    Dewey Decimal Classification     SEACOM MANAGEMENT COLLEGE SEACOM MANAGEMENT COLLEGE   19/09/2009   005.43 R 165 M-2500 11/03/2025 11/03/2025 Books 4
    Dewey Decimal Classification     SEACOM MANAGEMENT COLLEGE SEACOM MANAGEMENT COLLEGE   19/09/2009   005.43 R 165 M-2501 11/03/2025 11/03/2025 Books 5
    Dewey Decimal Classification     SEACOM MANAGEMENT COLLEGE SEACOM MANAGEMENT COLLEGE   19/09/2009   005.43 R 165 M-2502 11/03/2025 11/03/2025 Books 6
    Dewey Decimal Classification     SEACOM MANAGEMENT COLLEGE SEACOM MANAGEMENT COLLEGE   19/09/2009   005.43 R 165 M-2503 11/03/2025 11/03/2025 Books 7
    Dewey Decimal Classification     SEACOM MANAGEMENT COLLEGE SEACOM MANAGEMENT COLLEGE   19/09/2009   005.43 R 165 M-2504 11/03/2025 11/03/2025 Books 8
    Dewey Decimal Classification     SEACOM MANAGEMENT COLLEGE SEACOM MANAGEMENT COLLEGE   19/09/2009   005.43 R 165 M-2505 11/03/2025 11/03/2025 Books 9
    Dewey Decimal Classification     SEACOM MANAGEMENT COLLEGE SEACOM MANAGEMENT COLLEGE   19/09/2009   005.43 R 165 M-2506 11/03/2025 11/03/2025 Books 10
    Dewey Decimal Classification     SEACOM MANAGEMENT COLLEGE SEACOM MANAGEMENT COLLEGE   19/09/2009   005.43 R 165 M-2507 11/03/2025 11/03/2025 Books 11
    Dewey Decimal Classification     SEACOM MANAGEMENT COLLEGE SEACOM MANAGEMENT COLLEGE   19/09/2009   005.43 R 165 M-2508 11/03/2025 11/03/2025 Books 12
    Dewey Decimal Classification     SEACOM MANAGEMENT COLLEGE SEACOM MANAGEMENT COLLEGE   19/09/2009   005.43 R 165 M-2509 11/03/2025 11/03/2025 Books 13
    Dewey Decimal Classification     SEACOM MANAGEMENT COLLEGE SEACOM MANAGEMENT COLLEGE   19/09/2009   005.43 R 165 M-2510 11/03/2025 11/03/2025 Books 14
© Seacom Engineering College, All rights reserved.    Powered by Koha